New Flow of General English/ (Record no. 165408)

MARC details
000 -LEADER
fixed length control field 00534nam a22001817a 4500
005 - DATE AND TIME OF LATEST TRANSACTION
control field 20190617161438.0
010 ## - LCCN (DPL NO)
LC control number B-125635
020 ## - INTERNATIONAL STANDARD BOOK NUMBER
International Standard Book Number 9789353240684
Terms of availability 250.00
035 ## - SYSTEM CONTROL NUMBER
System control number EN-109167
037 ## - SOURCE OF ACQUISITION
Source of stock number/acquisition DBAD/PUB
082 ## - DEWEY DECIMAL CLASSIFICATION NUMBER
Classification number 480
100 ## - MAIN ENTRY--PERSONAL NAME
Personal name Singh, Jagram
245 ## - TITLE STATEMENT
Title New Flow of General English/
Statement of responsibility, etc by Jagram Singh
260 ## - PUBLICATION, DISTRIBUTION, ETC. (IMPRINT)
Place of publication, distribution, etc Delhi
Name of publisher, distributor, etc Kalpaz Publication
Date of publication, distribution, etc 2018
270 ## - ADDRESS
Address C-30, Satyawati Nagar
City Delhi
Postal code 110052
Telephone number 9212142040
Electronic mail address kalpaz@hotmail.com
300 ## - PHYSICAL DESCRIPTION
Extent 380p.
Dimensions 22cm(pbk)
942 ## - ADDED ENTRY ELEMENTS (KOHA)
Source of classification or shelving scheme Dewey Decimal Classification
Item type English Books
Classification part 480
Call number suffix SIN
Holdings
Withdrawn status Lost status Not for loan Collection code Home library Current library Date acquired Source of acquisition Cost, normal purchase price Full call number Barcode Copy number Cost, replacement price Koha item type
      Non-fiction Ashok Vihar Ashok Vihar 17/06/2019 DBAD/PUB 250.00 480 SIN EN-109167 1 250.00 English Books

© Delhi Public Library
Hit Counter
free hit counter